000 00800nam a22002177a 4500
999 _c17326
_d17326
003 AR-CdUCM
008 190508b ||||| |||| 00| 0 spa d
040 _aMUNICIPALIDAD PROVINCIAL DEL CUSCO
_cBIBLIOTECA MUNICIPAL DEL CUSCO
082 _a144 /
_bP77
100 _aPonce, Anibal
_92441
245 _aDe Erasmo a Romain Rolland :
_bHumanismo burgués y humanismo proletario /
260 _aBuenos Aires :
_bFuturo,
_c1962.
300 _a166 páginas ;
_c21 cm.
440 _aColección El Hombre y la Historia.
_937282
505 _aContenido: Humanismo burgués -- Erasmo -- Humanismo proletario -- La herencia cultural -- El realismo socialista ...
650 _aHumanismo
_92496
650 _aIdeología
_91109
650 _aHistoria
_9136
942 _2ddc
_cLIBROS
945 _aachl
_d2019-05-08